MARC

LEADER 00000nam0a2200000 4500
001 140169
005 20231031141959.0
010 |a 0849390672 
035 |a (RuTPU)RU\TPU\book\151840 
090 |a 140169 
100 |a 20080621d2007 k y0engy50 ba 
101 0 |a eng 
102 |a US 
105 |a a z 001zy 
200 1 |a The Chemistry and Technology of Petroleum  |f J. G. Speight 
205 |a Fourth Edition 
210 |a New York  |c CRC Press  |d 2007 
215 |a 945 p.  |c il. 
225 1 |a Chemical Industries 
320 |a Glossary: p. 885-919. 
320 |a Index: p. 921-945. 
610 1 |a химия 
610 1 |a химическая технология 
610 1 |a нефть 
610 1 |a нефтехимия 
610 1 |a нефтепереработка 
610 1 |a английский язык 
675 |a 665.53  |v 3 
700 1 |a Speight  |b J. G.  |g James G. 
801 1 |a RU  |b 63413507  |c 20080621  |g PSBO 
801 2 |a RU  |b 63413507  |c 20080627  |g PSBO 
942 |c BK